Statistics for Name these British Columbians

Click here to take the quiz!

General Stats

  • This quiz has been taken 61 times
    (59 since last reset)
  • The average score is 7 of 21

Answer Stats

Answer% Correct
Ryan Reynolds
95%
Seth Rogen
79%
Michael J Fox
69%
Pamela Anderson
66%
Michael Bublé
55%
Carly Rae Jepsen
41%
Hayden Christensen
41%
Kim Campbell
41%
Cobie Smulders
36%
David Suzuki
29%
Evangeline Lilly
29%
Bbno$
22%
Linus Sebastian
21%
Grimes
19%
J J McCullough
17%
Nathan Fielder
17%
John Turner
16%
Grace Park
12%
David Eby
10%
Glenn Anderson
9%
Robert Ito
5%

Score Distribution

Percentile by Number Answered

Percent of People with Each Score

Your Score History

You have not taken this quiz since the last reset